Fonder une famille homoparentale : questions ethiques, juridiques,psychologiques... et quelques reponses pratiques /

Saved in:
Bibliografiske detaljer
Hovedforfatter: Gross, Martine (Author)
Andre forfattere: Peycere, Mathieu, Strauss-Kahn, Dominique
Format: Bog
Sprog:fransk
Udgivet: Paris : J'ai lu, c2005
Serier:J'ai lu. Bien etre ; 8280
Tags: Tilføj Tag
Ingen Tags, Vær først til at tagge denne postø!

MARC

LEADER 00000nam a22000007i 4500
001 IT\ICCU\UBO\3690324
003 ItRI
005 20260115232018.0
008 090917s2005 fr |||||| ||||| |||||c
020 |a 9782290353424 
040 |b ita  |c importazione bologna sebina 
041 7 |a fre  |2 ISO-639-2 
100 1 |a Gross, Martine  |0 IT\ICCU\UBOV\602677  |4 aut 
245 1 0 |a Fonder une famille homoparentale :  |b questions ethiques, juridiques,psychologiques... et quelques reponses pratiques /  |c Martine Gross, MathieuPeycere ; preface de Dominique Strauss-Kahn. 
260 |a Paris :  |b J'ai lu,  |c c2005 
300 |a 382 p. ;  |c 18 cm. 
700 1 |a Peycere, Mathieu  |0 IT\ICCU\PARV\451126 
700 1 |a Strauss-Kahn, Dominique  |0 IT\ICCU\TO0V\057030 
830 0 |a J'ai lu. Bien etre ;  |v 8280  |0 IT\ICCU\TO0\1201167 
942 |2 ddc  |c BK  |n 0 
952 |0 0  |1 0  |4 0  |6 DOC_306_874000000000000_GRO  |7 0  |9 18871  |a BO  |b BO  |d 2026-01-15  |i 13102  |l 0  |o DOC 306.874 GRO  |p BO13102  |r 2026-01-15 23:20:18  |w 2026-01-15  |x [Sebina 5] [1 v.]  |y BK  |z 1 v. 
999 |c 16031  |d 16031